| 000 | 004250000a22001810004500 | ||
|---|---|---|---|
| 003 | MACL | ||
| 005 | 20150818164637.0 | ||
| 008 | 150818b xxu||||| |||| 00| 0 eng d | ||
| 040 |
_aMACL _cMACL |
||
| 041 | _aEnglish | ||
| 082 | _a580/MUK | ||
| 100 |
_aMukhopadhyay, Amitabha _96131 |
||
| 245 | _aRoses | ||
| 260 |
_bNational Books Trust _c1991 _aNew Delhi |
||
| 350 | _a23 | ||
| 650 |
_abotany _96050 |
||
| 942 |
_cBK _k580 _2ddc |
||
| 999 |
_c4204 _d4204 |
||